Statistics for When Was It Invented?

Click here to take the quiz!

General Stats

  • This quiz has been taken 15 times
  • The average score is 3 of 15

Answer Stats

ItemWhat Year It Was Invented% Correct
Cell Phone1973
60%
Rubik's Cube1974
60%
Air Conditioner1902
40%
Doorknobs1878
20%
Gasoline- Powered Automobile1886
20%
Traffic Light1912
20%
Television1927
20%
Toothbrush1938
20%
Microwave1946
20%
Pencil1564
0%
Telescope1608
0%
Typewriter1714
0%
Cotton Gin1793
0%
Sewing Machine1846
0%
Lightbulb1879
0%

Score Distribution

Percentile by Number Answered

Percent of People with Each Score

Your Score History

You have not taken this quiz